Incidence of bark feeding caterpillar Aetherastis circulata Meyer on rubber (Hevea brasiliensis Muell Arg.) (Record no. 60983)

MARC details
000 -LEADER
fixed length control field 00413nam a2200133Ia 4500
100 ## - MAIN ENTRY--AUTHOR NAME
Personal name Nehru C R
245 #0 - TITLE STATEMENT
Title Incidence of bark feeding caterpillar Aetherastis circulata Meyer on rubber (Hevea brasiliensis Muell Arg.)
260 ## - PUBLICATION, DISTRIBUTION, ETC. (IMPRINT)
Name of publisher Indian Journal of Plant Protection
Year of publication 1983
300 ## - PHYSICAL DESCRIPTION
Number of Pages 150
700 ## - ADDED ENTRY--PERSONAL NAME
Personal name Jayarathnam K
700 ## - ADDED ENTRY--PERSONAL NAME
Personal name Pillai P N R
942 ## - ADDED ENTRY ELEMENTS (KOHA)
Koha item type Journals
Holdings
Withdrawn status Lost status Damaged status Not for loan Home library Current library Date acquired Serial Enumeration / chronology Koha item type
      Journals RRII Library RRII Library 17/12/2021 Volume 11, Issue 1&2 Journals